Home Print Resources E-Books E-Journals IIMT Lecture Series Library Membership Form Book Recommendation Form Campus Tour Take AdmissionAbout Us Contact Us

ADVANCED PHARMACEUTICAL FORMULATIONS (Record no. 44839)

000 -LEADER
fixed length control field 00661nam a22002057a 4500
003 - CONTROL NUMBER IDENTIFIER
control field OSt
005 - DATE AND TIME OF LATEST TRANSACTION
control field 20240206163819.0
008 - FIXED-LENGTH DATA ELEMENTS--GENERAL INFORMATION
fixed length control field 190322b xxu||||| |||| 00| 0 eng d
020 ## - INTERNATIONAL STANDARD BOOK NUMBER
International Standard Book Number 9788189747992
040 ## - CATALOGING SOURCE
Transcribing agency IIMT UNIVERSITY,MEERUT
Modifying agency SEROSOFT
100 ## - MAIN ENTRY--PERSONAL NAME
Personal name PAUL, S D
245 ## - TITLE STATEMENT
Title ADVANCED PHARMACEUTICAL FORMULATIONS
Statement of responsibility, etc. AUTHOR
Medium ENGLISH
250 ## - EDITION STATEMENT
Edition statement 1ST ED.
260 ## - PUBLICATION, DISTRIBUTION, ETC.
Place of publication, distribution, etc. BIRLA, DELHI
Name of publisher, distributor, etc. BIRLA
Date of publication, distribution, etc. 2015
300 ## - PHYSICAL DESCRIPTION
Extent PAPERBACK
Other physical details 424 PP.
760 ## - MAIN SERIES ENTRY
Edition 1ST ED.
856 ## - ELECTRONIC LOCATION AND ACCESS
Materials specified PAPERBACK
Uniform Resource Identifier <a href="ADVANCED PHARMACEUTICAL FORMULATIONS">ADVANCED PHARMACEUTICAL FORMULATIONS</a>
Public note ADVANCED PHARMACEUTICAL FORMULATIONS
887 ## - NON-MARC INFORMATION FIELD
Source of data TITLE
942 ## - ADDED ENTRY ELEMENTS (KOHA)
Source of classification or shelving scheme
Koha item type Text-Book- for 7 days
Edition 1ST ED.
Classification part TITLE
Item part BOOK
Call number prefix 615.252 PAU
Call number suffix 615.252 PAU
Holdings
Withdrawn status Lost status Source of classification or shelving scheme Damaged status Not for loan Home library Current library Date acquired Source of acquisition Coded location qualifier Cost, normal purchase price Inventory number Total Checkouts Full call number Barcode Date last seen Date last checked out Copy number Uniform Resource Identifier Cost, replacement price Price effective from Koha item type Public note
          IIMT SCHOOL OF PHARMACEUTICAL SCIENCES IIMT SCHOOL OF PHARMACEUTICAL SCIENCES 03/22/2019 KIRTI PUBLICATION DELHI 6150252 PA 290.00 IN 2849 DATED 22/02/2019 1 6150252 PAU 27-B-422 03/02/2022 09/06/2021 R ADVANCED PHARMACEUTICAL FORMULATIONS 290.00 03/09/2019 Text-Book- for 7 days Reference Book (Rack-1)
          IIMT SCHOOL OF PHARMACEUTICAL SCIENCES IIMT SCHOOL OF PHARMACEUTICAL SCIENCES 03/22/2019 KIRTI PUBLICATION DELHI 6150252 PA 290.00 IN 2849 DATED 22/02/2019 1 6150252 PAU 27-B-423 09/18/2019 09/18/2019 R ADVANCED PHARMACEUTICAL FORMULATIONS 290.00 03/09/2019 Text-Book- for 7 days ADVANCED PHARMACEUTICAL FORMULATIONS
          IIMT SCHOOL OF PHARMACEUTICAL SCIENCES IIMT SCHOOL OF PHARMACEUTICAL SCIENCES 03/22/2019 KIRTI PUBLICATION DELHI 6150252 PA 290.00 IN 2849 DATED 22/02/2019 1 6150252 PAU 27-B-424 07/24/2021 11/27/2020 R ADVANCED PHARMACEUTICAL FORMULATIONS 290.00 03/09/2019 Text-Book- for 7 days ADVANCED PHARMACEUTICAL FORMULATIONS
IIMT, Central Library. All Rights Reserved IIMT,UNIVERSITY © 2023
Implemented and Customised by I CLOUDE EMS
You Are OPAC Visitor No
free web counter

Powered by Koha